| 000 | 00859nam a2200253 a 4500 | ||
|---|---|---|---|
| 001 | 59566 | ||
| 003 | BD-RjUL | ||
| 005 | 20211209080739.0 | ||
| 008 | 161226s1973 ii b 000 0 eng | ||
| 035 | _a(BD-RjUL)59690 | ||
| 040 |
_aDLC _cDLC _dDLC _dBD-RjUL _beng |
||
| 041 | _aeng | ||
| 082 | 0 | 0 |
_223 _a354.540084 _bDUA 1973 |
| 100 | 1 |
_aDubey, S. N. _q(Sumati Narain), _d1936- _9177176 |
|
| 245 | 1 | 0 |
_aAdministration of social welfare programmes in India / _cS. N. Dubey. |
| 260 |
_aBombay ; _aNew Delhi : _bSomaiya Publications, _cc1973. |
||
| 300 |
_axi, 214 p. ; _c23 cm. |
||
| 490 | 1 |
_aTata Institute of Social Sciences series, _vno. 27 |
|
| 504 | _aBibliography: p. 195-214. | ||
| 650 | 0 |
_aPublic welfare _zIndia. _9177177 |
|
| 650 | 0 |
_aPublic welfare. _9177014 |
|
| 830 |
_aTata Institute of Social Sciences series, _vno. 27 _9177179 |
||
| 942 |
_2ddc _cBK |
||
| 999 |
_c59566 _d59566 |
||